000 00985nam a2200229 a 4500
001 16695791
008 170220s2012 ||||||||||||||||| || u
010 _a2011011486
020 _a9781412977616
050 _aBF 311 Fri
100 _aFriedenberg, Jay
245 1 0 _aCognitive science : an introduction to the study of mind. (2nd ed.)
_cJay Friedenberg, Gordon Silverman.
250 _a2nd ed.
260 _aLos Angeles
_bSAGE Publications
_c2012
300 _axxv, 517 p. : ill.
350 _a108.00
500 _aIncludes bibliographical references and indexes.
650 0 _aCOGNITIVE SCIENCE
700 _aSilverman, Gordon
995 _aMAIN LIBRARY OPEN ACCESS
_e747478
_FCBU-MAIN LIBRARY (Kitwe)
_I108.00
_jBF 311 Fri
_M2
_UAVAILABLE
_WFeb 20, 2017
_y747478
_ZMain Library Open Access Collection
995 _aMEDICAL LIBRARY OPEN ACCESS
_e747128
_FCBU-SCHOOL OF MEDICINE LIBRARY (Ndola)
_jBF 311 Fri
_M1
_UAVAILABLE
_WOct 12, 2016
_y747128
_ZMedical Library Open Access Collection
999 _c79442
_d79442